000
00276nam a2200109 a 4500
005
20140414132058.0
008
110725s19uu xx 00 eng d
050
_a
REF 400
_b
N42 1992
245
_a
New webster dictionary.
260
_a
U.S.A :
_b
Grolier,
_c
1992.
999
_c
114353
_d
114353